Probability And Statistics For Engineers And Scientists (Record no. 352726)
[ view plain ]
| 000 -LEADER | |
|---|---|
| fixed length control field | 00530nam a2200181Ia 4500 |
| 008 - FIXED-LENGTH DATA ELEMENTS--GENERAL INFORMATION | |
| fixed length control field | 230718s9999 xx 000 0 und d |
| 020 ## - INTERNATIONAL STANDARD BOOK NUMBER | |
| International Standard Book Number | 9789332519084 |
| 041 ## - LANGUAGE CODE | |
| Language code of text/sound track or separate title | eng |
| 082 ## - DEWEY DECIMAL CLASSIFICATION NUMBER | |
| Classification number | 519.2 |
| Item number | WAL |
| 100 ## - MAIN ENTRY--PERSONAL NAME | |
| Personal name | Walpole R.E. |
| 9 (RLIN) | 187629 |
| 245 ## - TITLE STATEMENT | |
| Title | Probability And Statistics For Engineers And Scientists |
| 250 ## - EDITION STATEMENT | |
| Edition statement | 9th ed. |
| 260 ## - PUBLICATION, DISTRIBUTION, ETC. (IMPRINT) | |
| Date of publication, distribution, etc. | 2014 |
| Name of publisher, distributor, etc. | Pearson |
| 300 ## - PHYSICAL DESCRIPTION | |
| Extent | 856 |
| 365 ## - TRADE PRICE | |
| Currency code | Rs. |
| Price amount | 1099.00 |
| 700 ## - ADDED ENTRY--PERSONAL NAME | |
| Personal name | Walpole R.E.; Myers R.H.; Myers S.L. & Keying E.Y |
| 906 ## - LOCAL DATA ELEMENT F, LDF (RLIN) | |
| d | O:0755127-Sep-2022B:IN34122-Sep-2022 |
| c | TE |
| b | 824.25 |
| Withdrawn status | Lost status | Damaged status | Not for loan | Home library | Current library | Date acquired | Vendor | Budget Code | Cost, normal purchase price | Bill number | Total Checkouts | Full call number | Barcode | Date last seen | Date last checked out | Discount | Cost, replacement price | Bill Date | Koha item type | Original Barcode |
|---|---|---|---|---|---|---|---|---|---|---|---|---|---|---|---|---|---|---|---|---|
| Cummins College of Engineering for Women Pune | Cummins College of Engineering for Women Pune | 27/09/2022 | Pradeep Book Distributors | TE | 824.25 | IN341 | 18 | 519.2 | CCEP-BK-63937 | 20/03/2026 | 05/03/2026 | 824.25 | 1099.00 | 22/09/2022 | Books | 063937 |